|
|
|
|
| LEADER |
00000cam a2200000 7i4500 |
| 001 |
0000000211 |
| 002 |
000000276 |
| 005 |
20080125.0 |
| 020 |
|
|
|a 0912463392
|
| 090 |
0 |
0 |
|a 953.8
|b ALU
|
| 100 |
0 |
|
|a Al Umari, Akram Diya
|
| 245 |
1 |
0 |
|a Madina society at the time of the prophet :
|b the jihad against the mushrikun
|c Akram Diya' Al Umari ; translated by Huda Khattab
|
| 255 |
|
|
|a vol. II
|
| 260 |
|
|
|a Virginia :
|b The International Institute of Islamic Thought ,
|c 1991
|
| 300 |
|
|
|a 249p ;
|c 23cm.
|
| 650 |
0 |
0 |
|a Jews
|z Saudi Arabia-Medina,History
|
| 651 |
|
0 |
|a Medina(Saudi Arabia)
|x History
|x Methodology
|
| 700 |
0 |
|
|a Huda Khattab
|f translated
|
| 999 |
|
|
|a 027930
|b BUKU
|c PINJAMAN
|e PERPUSTAKAAN KOMUNITI PETALING JAYA
|